000
00313nam a22001337a 4500
003
SGT
020
_a
978-93-5270-496-5
100
_a
BAWEJA, HIMANSHU
245
_a
ESSENTIALS OF PHARMACOVIGILANCE
250
_a
1st
260
_a
JAYPEE, BROTHER
_b
NEW DELHI
_c
2019
650
_a
PHARMACOVIGILANCE
942
_2
ddc
_c
BK
999
_c
24633
_d
24633